00655nam a2200193Ia 4500008004100000020001300041082001500054100002400069245006100093250000800154260002900162300002700191500001900218600002100237650005000258942000700308952013100315999001500446240925s9999 xx 000 0 und d a70257442 a005.26 HAL aDauglas ,u V. Hall 0aMicroprocessor and Interfacing: programming and hardware a2nd aOhio:bMacmillanc,1991. axiv,624p.bNAfPirated aIncludes Index aComputer Science aComputer science, information & general works cBK 011440708CSaUITUbUITUd1995-01-26eRoyal Book Company g440.80l0o005.26 HALpQ0021r2024-09-25 07:11:53w2024-09-25yBK c2520d2520